000 01083nam a2200253Ia 4500
999 _c55976
_d55976
001 23075
003 GE_BSU
005 20230703163015.0
008 181216s1971||||ge |||||||||||||| ||geo||
040 _cGE_BSU
041 _ageo
080 _a821.14'01-21 ს-72
100 _aსოფოკლე
_915460
245 _aტრაგედიები /
_cსოფოკლე ; რედ. ლ. ელიოზიშვილი ; თარგმანი დ. გაჩეჩილაძისა.
264 _aთბილისი :
_bსაბჭ. საქართველო,
_c1971.
300 _a155 გვ. :
_bილ. ;
_c17 სმ.
541 _h0,30თ.
653 _aანტიკური კულტურა
653 _aოიდიპოს მეფე. ანტიგონე
653 _aტრაგედიები
700 _aელიოზიშვილი, ლ.
_eრედაქტორი
_919151
700 _aგაჩეჩილაძისა, დ.
_eთარგმანი
_919152
942 _cBK
_2udc